Normal view
MARC view
Entry Personal Name
001 - CONTROL NUMBER
- control field: 21405
003 - CONTROL NUMBER IDENTIFIER
- control field: ARRUPE
005 - DATE AND TIME OF LATEST TRANSACTION
- control field: 20151218091802.0
008 - FIXED-LENGTH DATA ELEMENTS
- fixed length control field: 151218|| aca||aabn | a|a d
040 ## - CATALOGING SOURCE
- Original cataloging agency: ARRUPE
- Transcribing agency: ARRUPE
100 ## - HEADING--PERSONAL NAME
- Personal name: Crisp, Roger,
- Dates associated with a name: 1961-
- Relator term: editor of compilation.
670 ## - SOURCE DATA FOUND
- Source citation: Work cat.: (ARRUPE)0: The Oxford handbook of the history of ethics /, 2013.